Chemické a štrukturálne zmeny papiera vplyvom nízkoteplotnej plazmy

Salvato in:
Dettagli Bibliografici
Autore principale: Škumátová, Ivana (Autore)
Altri autori: Vizárová, Katarína (Relatore della tesi)
Natura: Manoscritto Libro
Lingua:slovacco
Pubblicazione: 2019
Soggetti:
Accesso online:http://is.stuba.sk/zp/portal_zp.pl?podrobnosti=143097
Tags: Aggiungi Tag
Nessun Tag, puoi essere il primo ad aggiungerne!!

MARC

LEADER 00000ntm a22000003a 4500
001 stuzp74510
003 SK-STU
005 20190601211428.7
007 ta
008 150427s2015----xo-----f-mn---000-0-slo-d
040 |a STU  |b slo 
041 0 |a slo 
100 1 |a Škumátová, Ivana  |u 049380  |k Z4  |4 aut  |U FCHPT Ústav prírodných a syntetických polymérov  |T FCHPT Oddelenie dreva, celulózy a papiera  |X 65165  |U C9380  |Y 129  |7 65165 
242 0 1 |a Chemical and structural changes of paper due to low-temperature plasma  |y eng 
245 1 0 |a Chemické a štrukturálne zmeny papiera vplyvom nízkoteplotnej plazmy 
260 |c 2019 
650 4 |a papier  |2 slo 
650 4 |a nízkoteplotná atmosférická plazma  |2 slo 
650 4 |a mikrobiologická dekontaminácia  |2 slo 
650 4 |a Penicillium chrysogenum  |2 slo 
650 4 |a microbiological decontamination  |2 eng 
650 4 |a Penicillium chrysogenum  |2 eng 
650 4 |a paper  |2 eng 
650 4 |a low-temperature atmospheric plasma  |2 eng 
700 1 |a Vizárová, Katarína  |u 049380  |k Z1  |4 ths  |U FCHPT Ústav prírodných a syntetických polymérov  |T FCHPT Oddelenie dreva, celulózy a papiera  |X 3902  |U C9380  |Y 129  |7 A000003902 
856 4 |u http://is.stuba.sk/zp/portal_zp.pl?podrobnosti=143097